| 000 | 01014nam a2200265Ia 4500 | ||
|---|---|---|---|
| 001 | ebr10231486 | ||
| 003 | CaPaEBR | ||
| 006 | m u | ||
| 007 | cr cn||||||||| | ||
| 008 | 071027s2008 enk s 000 0 eng d | ||
| 020 | _z9781841501864 | ||
| 040 |
_aCaPaEBR _cCaPaEBR |
||
| 035 | _a(OCoLC)463188617 | ||
| 050 | 1 | 4 |
_aPG3240 _b.M33 2008eb |
| 100 | 1 | _aMacDonald, James. | |
| 245 | 1 | 0 |
_aRussia, freaks and foreigners _h[electronic resource] : _bthree performance texts / _cJames MacDonald. |
| 260 |
_aBristol, UK ; _aChicago : _bIntellect, _c2008. |
||
| 300 | _a218 p. | ||
| 533 |
_aElectronic reproduction. _bPalo Alto, Calif. : _cebrary, _d2009. _nAvailable via World Wide Web. _nAccess may be limited to ebrary affiliated libraries. |
||
| 650 | 0 | _aRussian drama. | |
| 650 | 0 | _aRussian literature. | |
| 655 | 7 |
_aElectronic books. _2local |
|
| 710 | 2 | _aebrary, Inc. | |
| 856 | 4 | 0 |
_uhttp://site.ebrary.com/lib/rucke/Doc?id=10231486 _zAn electronic book accessible through the World Wide Web; click to view |
| 999 |
_c39747 _d39747 |
||